| 000 | 00846nam a22002177a 4500 | ||
|---|---|---|---|
| 999 |
_c12984 _d12984 |
||
| 003 | AR-CdUCM | ||
| 008 | 190410b ||||| |||| 00| 0 spa d | ||
| 040 |
_aMUNICIPALIDAD PROVINCIAL DEL CUSCO _cBIBLIOTECA MUNICIPAL DEL CUSCO |
||
| 082 |
_aC / 379.85 / _bA83 |
||
| 100 |
_aAstete Abrill, Antonio M. _917140 |
||
| 245 | _aSignificado de la educación en la vida del pueblo peruano / | ||
| 260 |
_aCuzco : _bH. G. Rozas, _c1956. |
||
| 300 |
_a162 páginas ; _c22 cm. |
||
| 505 | _aEscenario y significado de la educación tawantinsuyana -- Colapso de la educación en la época colonia -- Educación republicana... | ||
| 650 |
_aEducación colonial. _925888 |
||
| 650 |
_aEducación republicana. _931135 |
||
| 650 |
_aEducación inca. _910422 |
||
| 650 |
_aHistoria de la educación. _98386 |
||
| 942 |
_2ddc _cLIBROS |
||
| 945 |
_awfj _d2019-04-10 |
||